ا ر تبا ط (Record no. 93893)

MARC details
000 -LEADER
fixed length control field 00646nam a22002177a 4500
005 - DATE AND TIME OF LATEST TRANSACTION
control field 20150522151904.0
008 - FIXED-LENGTH DATA ELEMENTS--GENERAL INFORMATION
fixed length control field 140714b xxu||||| |||| 00| 0 Urdu d
010 ## - LCCN (DPL NO)
LC control number UR-8958
020 ## - INTERNATIONAL STANDARD BOOK NUMBER
Terms of availability 70.00
035 ## - SYSTEM CONTROL NUMBER
System control number U-7513
037 ## - SOURCE OF ACQUISITION
Source of stock number/acquisition BPPD/Pub/Ven
040 ## - CATALOGING SOURCE
Original cataloging agency DPL
Language of cataloging Urdu
082 ## - DEWEY DECIMAL CLASSIFICATION NUMBER
Classification number 841
100 ## - MAIN ENTRY--PERSONAL NAME
Personal name مد حت ا لاختر
245 ## - TITLE STATEMENT
Title ا ر تبا ط
Statement of responsibility, etc مد حت ا لاختر
246 #h - VARYING FORM OF TITLE
Title proper/short title ‏Artabat
Remainder of title By Midhat ul Akhtar
260 ## - PUBLICATION, DISTRIBUTION, ETC. (IMPRINT)
Name of publisher, distributor, etc Ideal Publication House,
Date of publication, distribution, etc 2013
Place of publication, distribution, etc Maharashtra
270 ## - ADDRESS
Address Naya Bazar Kampti
City Kamptee
Telephone number 9421803478
Postal code 441002
300 ## - PHYSICAL DESCRIPTION
Extent 144ص
Dimensions 22Cm (Hb)
942 ## - ADDED ENTRY ELEMENTS (KOHA)
Source of classification or shelving scheme Dewey Decimal Classification
Item type Urdu Bks
Edition
Classification part 841
Call number suffix م د ح
Holdings
Withdrawn status Lost status Source of classification or shelving scheme Damaged status Not for loan Collection code Home library Current library Date acquired Source of acquisition Cost, normal purchase price Total Checkouts Full call number Barcode Date last seen Copy number Cost, replacement price Koha item type
    Dewey Decimal Classification   Not For Loan Non-fiction D.B.Act.Division D.B.Act.Division 22/05/2015 DBAD/Pub. 70.00   841 م د ح U-7513 22/05/2015 1 70.00 Urdu Bks

© Delhi Public Library
Hit Counter
free hit counter